000 00834nas a2200265 4500
001 BR2015000728
003 BR-BrBNA
005 20231205125010.0
007 ta
008 230509b bl.|||p| |||| 00| 00por d
040 _aBR-BrBNA
_bpor
_cBiblioteca Nacional de Agricultura
041 _a(En)
072 _aL51
100 1 _aCorrêa, D.S.
100 1 _aMagalhães, R.T.
100 1 _aSiqueira, D.C.B.
245 1 _aRuminal dry matter and fiber fraction degradability from two stylos cultivars
650 _aBOVINO
650 _aMATERIA SECA
650 _aLEGUMINOSA FORRAGEIRA
650 _aRUMINAÇÃO
773 0 _tArquivo Brasileiro de Medicina Veterinária e Zootecnia (Brazil)
_xISSN 0102-0935
_g(Aug 2014), v. 66(4) p. 1155-1162
_wBR2015000728
909 _a202311
_bLúcia
_c55
_dLúcia Elande
942 _2AGRIS
_n0
_cANA
999 _c242063
_d242063